| 000 | 00815nam a2200217Ia 4500 | ||
|---|---|---|---|
| 001 | 12827 | ||
| 003 | GE_BSU | ||
| 008 | 181216s||||||||xx |||||||||||||| ||und|| | ||
| 040 | _cGE_BSU | ||
| 080 | _a631.4 | ||
| 100 | _aСоболев,С.С. | ||
| 245 | _aРазвитие эрозионных процессов на территории европейской части СССР и борьба с ними. Т2 | ||
| 245 | _cОтв.ред.И.В.Тюрин | ||
| 260 | _aМосква | ||
| 260 | _bИзд-во АНСССР | ||
| 260 | _c1960 | ||
| 300 | _a248стр.илл.27см. | ||
| 300 | _cБиблиогр.с.237-246 | ||
| 653 | _aРазвитие эрозионных процессов на территории европейской части СССР и борьба с ними | ||
| 942 | _cBK | ||
| 999 |
_c45998 _d45998 |
||